Präsidenten der USA - Sudden Death - Statistiken

Allgemein
  • Dieses Quiz wurde 325 mal gespielt
    244 seit der letzten Aktualisierung
  • Das Durchschnittsergebnis liegt bei 6 aus 16
Answers on the Grid
Answers color-coded by a green-red scale on the quiz's grid according to % correct below.
Franklin D. Roosevelt
Ronald W. Reagan
Winston L. S. Churchill
Arthur N. Chamberlain
Jimmy Carter
Ferdinand E. Marcos
Ulysses S. Grant
John W. Booth
Abraham Lincoln
John F. Kennedy
Theodore Roosevelt
Eleanor Roosevelt
William H. Taft
Lee H. Oswald
James Madison
Benjamin Franklin
Benjamin Harrison
Kamala Harris
Donald J. Trump
Gerald R. Ford Jr.
Henry Ford
Thomas A. Edison
John D. Rockefeller
Calvin Coolidge
Horatio Nelson
Menachem Begin
David Ben Gurion
Martin van Buren
Andrew Jackson
Warren G. Harding
 
Antwortstatistiken
Antwort % Korrekt
Abraham Lincoln
61%
John F. Kennedy
56%
Ronald W. Reagan
53%
Donald J. Trump
52%
Jimmy Carter
47%
Franklin D. Roosevelt
45%
Theodore Roosevelt
44%
Gerald R. Ford Jr.
28%
Benjamin Harrison
26%
James Madison
26%
Martin van Buren
25%
Ulysses S. Grant
24%
Andrew Jackson
23%
William H. Taft
20%
Warren G. Harding
19%
Calvin Coolidge
17%
Keine übereinstimmenden Quizze gefunden
Verteilung der Resultate
Anzahl Personen mit jedem Resultat
Perzentil nach korrekt beantworteten Fragen
Ihre Resultats-Entwicklung
Sie haben dieses Quiz seit der letzten Aktualisierung nicht gespielt